000 00729nam a22002177a 4500
999 _c18392
_d18392
003 AR-CdUCM
008 190507b ||||| |||| 00| 0 spa d
040 _aMUNICIPALIDAD PROVINCIAL DEL CUSCO
_cBIBLIOTECA MUNICIPAL DEL CUSCO
082 _a951 /
_bB25
110 _aBeijing Informa
_938945
245 _aChina después de Mao :
_bChina de hoy /
260 _aBeijing :
_bBeijing informa,
_c1984.
300 _a225 páginas ;
_c20 cm.
505 _aContenido : La China después de Mao Zedong -- aprender de Lei Feng -- emancipación de la mente ...
650 _aLiteratura China
_99978
650 _aPolítica
_9291
650 _aComunismo
_9495
650 _aEconomía China
_938946
942 _2ddc
_cLIBROS
945 _arcc